Politica lusitana en el rio de la plata. tomo 2 /

Guardado en:
Autor Principal: Argentina. Archivo General De La Nacion
Formato: Libro
Publicado: Buenos Aires : El Archivo, 1961
Materias:
Etiquetas: Agregar Etiqueta
Sin Etiquetas, Sea el primero en etiquetar este registro!
LEADER 00550nam a22001575a 4500
001 EHU.bham013921
003 AR-BHAM
005 20071112153911.0
008 130507s1961##################000#0#####d
082 9 8 |a 982 
100 1 |a Argentina. Archivo General De La Nacion 
245 1 0 |a Politica lusitana en el rio de la plata. tomo 2 /  |c  Archivo General De La Nacion 
260 |a Buenos Aires :  |b El Archivo,  |c 1961 
505 0 |a Colección Lavradio. 1810-1811 
653 |a Historia de argentina 
859 |a AR-BHAM  |b BIB. HUMANIDADES - General  |h 982  |i AR37-1  |p 270.66  |t Ej.1  |v II  |3 II